000 00521nam a2200169Ia 4500
003 GCL
008 140319s9999 xx 000 0 ara d
040 _aGCL /
_cGCL
082 0 4 _aق
_b962.05
_bس د
100 1 _aسامى ابوالنور
245 1 0 _aدور القصر فى الحياة السياسية فى مصر(1936-1922) /
_cسامى ابوالنور
300 _a287 ص
490 _aصفحات من تاريخ مصر
_v0
650 0 4 _aمصر
650 0 4 _aالاحوال السياسية
942 _2ddc
_cBK
999 _c38923
_d38923